Ave o Maria - Testo completo preghiera - Statistics

Statistiche generali
  • Questo quiz è stato fatto 74 volte
  • Il punteggio medio è 41 su 43
Statistiche sulle risposte
Testo % Corretto
Ave,
98%
Maria,
98%
Maria,
98%
del
97%
di
97%
di
97%
è
97%
e
97%
è
97%
e
97%
noi
97%
o
97%
per
97%
piena
97%
prega
97%
Tu
97%
Amen.
95%
della
95%
Gesù.
95%
grazia,
95%
morte.
95%
nostra
95%
peccatori,
95%
Santa
95%
seno,
95%
tuo
95%
benedetta
94%
benedetto
94%
con
94%
donne
94%
fra
94%
il
94%
il
94%
le
94%
Madre
94%
ora
94%
sei
94%
Signore
94%
te.
94%
Dio,
92%
frutto
92%
adesso
90%
nell'
87%
Nessun quiz corrispondente trovato
Distribuzione punteggi
Percentuale di utenti per punteggio
Percentile per numero di risposta
I tuoi punteggi nel tempo
Non hai fatto questo quiz